Представление документа в формате MARC21

Поле Инд. ПП Название Значение
Тип записи a
Библиографический уровень m
001 Контрольный номер 4a83edb254414ff99562d6d208259a9f
005 Дата корректировки 20180921120956.8
024 80 a Стандартный номер 10.02.19
040 a Служба первич. каталог. НБ ТвГУ
b Код языка каталог. rus
e Правила каталог. PSBO
041 0_ a Код языка текста rus
080 a Индекс УДК 81'23(043.4)
084 a Индекс другой классификации/Индекс ББК Ш100.6я031
090 a Полочн. индекс Ш100.6
x Авторский знак Г 85
097 b Оператор mimoza
100 1_ a Автор Гришкина Елена Николаевна
q Полное имя Гришкина Е. Н.
245 10 a Заглавие Новизна лексической единицы как интегративный параметр психологической структуры значения слова (на материале психолингвистического эксперимента)
b Продолж. заглавия диссертация ... кандидата филологических наук : 10.02.19 - теория языка
c Ответственность науч. рук. С. Н. Тогоева ; М-во образования и науки РФ, Твер. гос. ун-т
260 c Дата издания 2017
a Место издания Тверь
b Издательство б. и.
300 a Объем 179 с.
b Иллюстрации/ тип воспроизводства ил., табл.
500 a Примечание На правах рукописи
504 a Библиография Библиогр.: с. 141-158
653 0_ a Ключевые слова Языкознание
a Ключевые слова Лингвистика
a Ключевые слова Теория языка
a Ключевые слова Психолингвистика
a Ключевые слова Диссертации
a Ключевые слова Кандидатские диссертации
700 12 a Другие авторы Тогоева Светлана Ивановна
e Роль лиц Научный руководитель
700 12 a Другие авторы Чугунова Светлана Александровна
e Роль лиц Оппонент
700 12 a Другие авторы Саркисова Элина Владиславовна
e Роль лиц Оппонент
710 12 a Организация/ юрисдикция Тверской государственный университет
e Роль коллектива место выполнения работы
710 12 a Организация/ юрисдикция Курский государственный университет
e Роль коллектива ведущая организация
710 12 a Организация/ юрисдикция Тверской государственный университет
e Роль коллектива место защиты
901 t Тип документа d
920 a Оператор Семен
a Оператор Рунт
a Оператор Стро
930 a Новая/Ретро новая
952 c Вид литературы Дис н
954 b Дата поступления в ОК 20180619
a Дата поступления на обработку 20180918
c Дата окончания ОНО 20180921